Normal view
MARC view
- Supervisor Dr Waqar Shahid
Entry Personal Name
001 - CONTROL NUMBER
- control field: 70187
003 - CONTROL NUMBER IDENTIFIER
- control field: NUST
005 - DATE AND TIME OF LATEST TRANSACTION
- control field: 20210628204409.0
008 - FIXED-LENGTH DATA ELEMENTS
- fixed length control field: 210628|| aca||aabn | a|a d
040 ## - CATALOGING SOURCE
- Original cataloging agency: NUST
- Transcribing agency: NUST
100 ## - HEADING--PERSONAL NAME
- Personal name: Supervisor Dr Waqar Shahid
670 ## - SOURCE DATA FOUND
- Source citation: Work cat.: (NUST): Abid Ali 70186, TH-SOF-1671-Algorithm for Mobile Security Platform Employment in an Unknown Indoor Environment, 2019
